[Event "3. Solskinsturnering 1976"]
[Site "Aarhus"]
[Date "1976.07.??"]
[Round "5"]
[White "Nemet, Ivan"]
[Black "Mortensen, Erling"]
[Result "1-0"]
[WhiteElo "2455"]
[BlackElo "2200"]
[PlyCount "113"]
[EventDate "1976.??.??"]
[EventType "tourn"]
[EventRounds "11"]
[EventCountry "DEN"]

1. Nf3 Nf6 2. g3 g6 3. Bg2 Bg7 4. O-O O-O 5. d4 d5 6. c4 Nc6 7. cxd5 Nxd5 8.
Nc3 Nb6 9. d5 Na5 10. e4 c6 11. Re1 cxd5 12. exd5 h6 13. Ne5 Nd7 14. Bf4 Nxe5
15. Bxe5 Bxe5 16. Rxe5 Nc4 17. Re1 Nd6 18. Qd2 Kh7 19. h4 Bf5 20. Qe2 Re8 21.
h5 Qb6 22. Ne4 Rac8 23. Rac1 Rxc1 24. Rxc1 Rc8 25. hxg6+ Bxg6 26. Rxc8 Nxc8 27.
Nc3 Qf6 28. Qe3 a6 29. f4 h5 30. b3 Nd6 31. Qe5 Kg7 32. Kf2 Bf5 33. Bf3 Bg4 34.
Ne4 Nxe4+ 35. Bxe4 Qxe5 36. fxe5 Kf8 37. Bf3 Bxf3 38. Kxf3 f6 39. exf6 exf6 40.
Kf4 Ke7 41. Kf5 a5 42. a4 b6 43. Kg6 Kd6 44. Kxf6 Kxd5 45. Kg5 b5 46. axb5 Kc5
47. Kxh5 Kxb5 48. g4 Kb4 49. g5 Kxb3 50. g6 a4 51. g7 a3 52. g8=Q+ Kb2 53. Qg2+
Kb1 54. Qf1+ Kb2 55. Qb5+ Ka1 56. Qc4 a2 57. Qc1# 1-0

[Event "3. Solskinsturnering 1976"]
[Site "Aarhus"]
[Date "1976.07.??"]
[Round "5"]
[White "Rath, Ulrik"]
[Black "Sloth, Jorn"]
[Result "1/2-1/2"]
[WhiteElo "2350"]
[BlackElo "2380"]
[PlyCount "116"]
[EventDate "1976.??.??"]
[EventType "tourn"]
[EventRounds "11"]
[EventCountry "DEN"]

1. Nf3 Nf6 2. g3 d6 3. Bg2 g6 4. O-O Bg7 5. d4 O-O 6. Nc3 Nbd7 7. e4 e5 8. a4
Re8 9. a5 c6 10. Re1 Qc7 11. h3 Rb8 12. Be3 exd4 13. Nxd4 Ne5 14. Nb3 b5 15.
axb6 axb6 16. Nd2 b5 17. Ra7 Bb7 18. Qe2 b4 19. Nd1 c5 20. Ra1 Ra8 21. Rxa8
Rxa8 22. f4 Ned7 23. g4 Ba6 24. Qf2 Bb7 25. Qe2 Re8 26. Qd3 Nb6 27. c4 Nfd7 28.
b3 Nf8 29. Bf2 Ne6 30. Bg3 Nd4 31. Nf3 Nd7 32. Kh2 Bc6 33. Nxd4 cxd4 34. Nf2
Nc5 35. Qc2 Qb7 36. g5 Ra8 37. Nd3 Nxd3 38. Qxd3 Ra2 39. Re2 Rxe2 40. Qxe2 Qa8
41. Be1 Qa3 42. Qd3 Ba4 43. Bxb4 Qxb4 44. bxa4 Qxa4 45. Bf1 Qa5 46. Qd1 h6 47.
h4 Qc3 48. Bd3 Kf8 49. Kg3 Kg8 50. Kg4 Qa5 51. Kg3 Qc3 52. Kf3 Qa5 53. Ke2 Qa8
54. Qc2 Qc8 55. f5 hxg5 56. hxg5 Qc5 57. f6 Qxg5 58. fxg7 Qe3+ 1/2-1/2

[Event "3. Solskinsturnering 1976"]
[Site "Aarhus"]
[Date "1976.07.??"]
[Round "5"]
[White "Rosenlund, Thorbjorn"]
[Black "Rosell, Kaj"]
[Result "1/2-1/2"]
[WhiteElo "2330"]
[BlackElo "2200"]
[PlyCount "31"]
[EventDate "1976.??.??"]
[EventType "tourn"]
[EventRounds "11"]
[EventCountry "DEN"]

1. c4 e6 2. Nc3 d5 3. d4 Nf6 4. Nf3 Be7 5. Bg5 Nbd7 6. e3 h6 7. Bh4 O-O 8. Qc2
c5 9. cxd5 Nxd5 10. Bxe7 Qxe7 11. Rd1 Nxc3 12. Qxc3 b6 13. Bb5 Bb7 14. Qa3 Rfc8
15. dxc5 Nxc5 16. O-O 1/2-1/2

[Event "3. Solskinsturnering 1976"]
[Site "Aarhus"]
[Date "1976.07.??"]
[Round "6"]
[White "Fedder, Steen"]
[Black "Jakobsen, Ole"]
[Result "1/2-1/2"]
[WhiteElo "2360"]
[BlackElo "2435"]
[PlyCount "43"]
[EventDate "1976.??.??"]
[EventType "tourn"]
[EventRounds "11"]
[EventCountry "DEN"]

1. d4 Nf6 2. c4 c5 3. d5 d6 4. Nc3 g6 5. e4 Bg7 6. Be2 O-O 7. Nf3 e6 8. O-O Re8
9. Qc2 Na6 10. a3 Nc7 11. Rb1 exd5 12. cxd5 h6 13. Be3 Qe7 14. Nd2 Ng4 15. Bxg4
Bxg4 16. a4 a6 17. b4 cxb4 18. Rxb4 b5 19. axb5 axb5 20. Qd3 Bd7 21. Bd4 Rec8
22. Bxg7 1/2-1/2

[Event "3. Solskinsturnering 1976"]
[Site "Aarhus"]
[Date "1976.07.??"]
[Round "6"]
[White "Nemet, Ivan"]
[Black "De Bruycker, Bernard"]
[Result "1-0"]
[WhiteElo "2455"]
[BlackElo "2370"]
[PlyCount "79"]
[EventDate "1976.??.??"]
[EventType "tourn"]
[EventRounds "11"]
[EventCountry "DEN"]

1. d4 Nf6 2. c4 e6 3. Nf3 Bb4+ 4. Bd2 Qe7 5. g3 b6 6. Bg2 Bb7 7. O-O Bxd2 8.
Nbxd2 O-O 9. Qc2 d6 10. e4 e5 11. d5 a5 12. Ne1 Na6 13. Nd3 h5 14. f4 Ng4 15.
Rae1 Nb4 16. Nxb4 axb4 17. h3 Nh6 18. f5 Qg5 19. Kh2 Rxa2 20. Nf3 Qd8 21. Nh4
Qa8 22. f6 g6 23. Qd2 Kh7 24. Nf3 Rh8 25. Qxb4 Rf8 26. Qd2 Qa5 27. Qc1 Ng8 28.
Ng5+ Kh8 29. g4 Qb4 30. Re2 Ba6 31. gxh5 Qxc4 32. Rc2 Qxc2 33. Qxc2 Bxf1 34.
Qf2 Be2 35. hxg6 fxg6 36. f7 Rxb2 37. Ne6 Bh5 38. fxg8=Q+ Rxg8 39. Qf6+ Kh7 40.
Qf7+ 1-0

[Event "3. Solskinsturnering 1976"]
[Site "Aarhus"]
[Date "1976.07.??"]
[Round "6"]
[White "Rosell, Kaj"]
[Black "Keene, Raymond"]
[Result "0-1"]
[WhiteElo "2200"]
[BlackElo "2460"]
[PlyCount "46"]
[EventDate "1976.??.??"]
[EventType "tourn"]
[EventRounds "11"]
[EventCountry "DEN"]

1. Nf3 b6 2. e4 Bb7 3. Nc3 e6 4. d4 Bb4 5. Bd3 Nf6 6. Qe2 d5 7. exd5 Nxd5 8.
O-O Bxc3 9. bxc3 Nxc3 10. Qe5 O-O 11. Qh5 g6 12. Qh3 Nd7 13. Re1 c5 14. dxc5
Nxc5 15. Ng5 h5 16. Bf4 Nxd3 17. cxd3 Qf6 18. Be5 Qxg5 19. Bxc3 Rac8 20. Re5
Bxg2 21. Qxe6 Qd8 22. Qb3 Ba8 23. Rae1 Qd7 0-1

[Event "3. Solskinsturnering 1976"]
[Site "Aarhus"]
[Date "1976.07.??"]
[Round "6"]
[White "Rukavina, Josip"]
[Black "Rath, Ulrik"]
[Result "0-1"]
[WhiteElo "2380"]
[BlackElo "2350"]
[PlyCount "72"]
[EventDate "1976.??.??"]
[EventType "tourn"]
[EventRounds "11"]
[EventCountry "DEN"]

1. c4 Nf6 2. Nc3 e5 3. Nf3 e4 4. Ng5 b5 5. cxb5 d5 6. e3 h6 7. Nh3 Bd6 8. d3
exd3 9. Bxd3 O-O 10. Nf4 Bxf4 11. exf4 Re8+ 12. Ne2 a6 13. O-O axb5 14. b4 Bd7
15. Nd4 Na6 16. Bd2 Ne4 17. Rc1 c5 18. bxc5 Naxc5 19. Bb1 Nxd2 20. Qxd2 Ne4 21.
Qd3 Qb6 22. Nc2 b4 23. Qe3 Qxe3 24. fxe3 Nc3 25. Rf2 Bf5 26. Nxb4 Nxb1 27. Nxd5
Be4 28. Nb6 Ra3 29. Rb2 Rb8 30. Nd7 Rd8 31. Nc5 Rc8 32. Kf2 Rc3 33. Rbxb1 R3xc5
34. Rxc5 Rxc5 35. Rb2 Ra5 36. g4 Bd5 0-1

[Event "3. Solskinsturnering 1976"]
[Site "Aarhus"]
[Date "1976.07.??"]
[Round "6"]
[White "Sloth, Jorn"]
[Black "Rosenlund, Thorbjorn"]
[Result "1/2-1/2"]
[WhiteElo "2380"]
[BlackElo "2330"]
[PlyCount "34"]
[EventDate "1976.??.??"]
[EventType "tourn"]
[EventRounds "11"]
[EventCountry "DEN"]

1. d4 Nf6 2. Nf3 e6 3. g3 b6 4. Bg2 Bb7 5. O-O c5 6. c4 cxd4 7. Qxd4 Nc6 8. Qf4
Qb8 9. Qxb8+ Rxb8 10. Nc3 Rc8 11. b3 Be7 12. Bb2 O-O 13. Rfd1 Rfd8 14. Rac1 Kf8
15. Nd4 Na5 16. Ndb5 Bxg2 17. Kxg2 a6 1/2-1/2

[Event "3. Solskinsturnering 1976"]
[Site "Aarhus"]
[Date "1976.07.??"]
[Round "7"]
[White "De Bruycker, Bernard"]
[Black "Mortensen, Erling"]
[Result "1/2-1/2"]
[WhiteElo "2370"]
[BlackElo "2200"]
[PlyCount "52"]
[EventDate "1976.??.??"]
[EventType "tourn"]
[EventRounds "11"]
[EventCountry "DEN"]

1. b3 e5 2. Bb2 d6 3. g3 Nf6 4. Bg2 g6 5. d4 Nbd7 6. Nf3 Bg7 7. dxe5 Ng4 8. Na3
O-O 9. Nc4 Ndxe5 10. Nfxe5 Nxe5 11. Nxe5 Bxe5 12. Bxe5 dxe5 13. Qc1 c6 14. O-O
Bf5 15. Rd1 Qc7 16. c4 Rfd8 17. Qe3 Rxd1+ 18. Rxd1 Rd8 19. Rxd8+ Qxd8 20. Qxa7
Qd1+ 21. Bf1 Bh3 22. Qb8+ Kg7 23. Qxe5+ Kf8 24. Qb8+ Ke7 25. Qc7+ Ke8 26. Qb8+
Ke7 1/2-1/2

[Event "3. Solskinsturnering 1976"]
[Site "Aarhus"]
[Date "1976.07.??"]
[Round "7"]
[White "Jakobsen, Ole"]
[Black "Nemet, Ivan"]
[Result "1/2-1/2"]
[WhiteElo "2435"]
[BlackElo "2455"]
[PlyCount "83"]
[EventDate "1976.??.??"]
[EventType "tourn"]
[EventRounds "11"]
[EventCountry "DEN"]

1. c4 Nf6 2. Nc3 g6 3. e4 d6 4. d4 Bg7 5. f3 O-O 6. Be3 e5 7. d5 c6 8. Bd3 cxd5
9. cxd5 Na6 10. Nge2 Bd7 11. Bb5 Nh5 12. Bxd7 Qxd7 13. O-O f5 14. exf5 gxf5 15.
Qd2 Nc5 16. Rac1 a5 17. b3 b6 18. Na4 Qd8 19. Nec3 Ra7 20. Nb5 Raf7 21. Nxc5
bxc5 22. Rc4 Re8 23. Bg5 Qb6 24. Nc3 Kh8 25. Qe1 Rg8 26. Qh4 Nf4 27. Bxf4 exf4
28. Ne2 Be5 29. Nxf4 a4 30. Rb1 axb3 31. axb3 Ra7 32. Ne6 Qb7 33. Nf4 Qa8 34.
Re1 Ra1 35. Ra4 Rxe1+ 36. Qxe1 Qb7 37. Qd1 Rb8 38. Ne6 Kg8 39. f4 Bf6 40. h3
Qxb3 41. Qxb3 Rxb3 42. Ra8+ 1/2-1/2

[Event "3. Solskinsturnering 1976"]
[Site "Aarhus"]
[Date "1976.07.??"]
[Round "7"]
[White "Keene, Raymond"]
[Black "Sloth, Jorn"]
[Result "1/2-1/2"]
[WhiteElo "2460"]
[BlackElo "2380"]
[PlyCount "112"]
[EventDate "1976.??.??"]
[EventType "tourn"]
[EventRounds "11"]
[EventCountry "DEN"]

1. c4 e6 2. Nc3 Bb4 3. Qc2 c5 4. Ne4 d6 5. a3 Ba5 6. b4 cxb4 7. Bb2 Nf6 8. axb4
Bxb4 9. Bxf6 gxf6 10. Qb2 a5 11. Nxf6+ Ke7 12. Nf3 Nd7 13. Ng4 Rg8 14. Ne3 Qb6
15. g3 Nf6 16. Bg2 Bd7 17. O-O Ra6 18. Rfb1 Rc8 19. Ne1 Qc7 20. Nd3 Rb6 21. Qd4
h5 22. Nxb4 Rxb4 23. Rxb4 axb4 24. Qb2 b5 25. Qxb4 bxc4 26. Rc1 Qc5 27. Rxc4
Qxb4 28. Rxb4 Rc1+ 29. Bf1 d5 30. f3 Kd6 31. Kf2 Ke7 32. Bg2 Bc6 33. f4 Ng4+
34. Nxg4 hxg4 35. h3 gxh3 36. Bxh3 f5 37. Bg2 Rd1 38. Rb6 Kd6 39. d3 Rc1 40.
Bf3 Kc5 41. Rb8 Kd6 42. Rh8 Bd7 43. Rh6 Rc8 44. Rg6 Rf8 45. Ke3 Be8 46. Rg7 Rf6
47. Kd4 Rg6 48. Rxg6 Bxg6 49. e4 dxe4 50. dxe4 Be8 51. Be2 Bc6 52. Bd3 Bd7 53.
Ba6 Be8 54. Ke3 Ke7 55. Bd3 Bd7 56. Kd4 Kd6 1/2-1/2

[Event "3. Solskinsturnering 1976"]
[Site "Aarhus"]
[Date "1976.07.??"]
[Round "7"]
[White "Ogaard, Leif"]
[Black "Rosell, Kaj"]
[Result "1/2-1/2"]
[WhiteElo "2490"]
[BlackElo "2200"]
[PlyCount "99"]
[EventDate "1976.??.??"]
[EventType "tourn"]
[EventRounds "11"]
[EventCountry "DEN"]

1. c4 b6 2. d4 Bb7 3. Nc3 e6 4. Qc2 Bb4 5. a3 Bxc3+ 6. Qxc3 Nf6 7. Nf3 O-O 8.
g3 c5 9. dxc5 bxc5 10. Bg2 Nc6 11. O-O Qb6 12. Rb1 Nd4 13. Nxd4 cxd4 14. Qd3
Bxg2 15. Kxg2 Rfc8 16. Kg1 Qc5 17. b3 d5 18. cxd5 Nxd5 19. Bb2 Nc3 20. Rbc1 e5
21. Bxc3 dxc3 22. Rfd1 a5 23. Qf3 Rab8 24. Rxc3 Qxc3 25. Rd8+ Rxd8 26. Qxc3 Re8
27. Kg2 Ra8 28. g4 h6 29. h4 Re6 30. h5 Ree8 31. Kf3 Re6 32. Ke4 Ree8 33. e3
Rec8 34. Qb2 Re8 35. Kd5 e4 36. b4 axb4 37. axb4 Rad8+ 38. Kc4 Rc8+ 39. Kb3 Rb8
40. Qd4 Rbd8 41. Qc5 Rc8 42. Qf5 Re6 43. b5 Rb8 44. Kc4 Reb6 45. Qc5 g6 46.
hxg6 Rxg6 47. Qe5 Rgb6 48. Qxe4 Rxb5 49. Kd3 Rd8+ 50. Ke2 1/2-1/2

[Event "3. Solskinsturnering 1976"]
[Site "Aarhus"]
[Date "1976.07.??"]
[Round "7"]
[White "Rath, Ulrik"]
[Black "Fedder, Steen"]
[Result "1/2-1/2"]
[WhiteElo "2350"]
[BlackElo "2360"]
[PlyCount "22"]
[EventDate "1976.??.??"]
[EventType "tourn"]
[EventRounds "11"]
[EventCountry "DEN"]

1. d4 Nf6 2. c4 e6 3. Nf3 c5 4. Nc3 cxd4 5. Nxd4 Bb4 6. Ndb5 Nc6 7. a3 Bxc3+ 8.
Nxc3 d5 9. e3 O-O 10. cxd5 exd5 11. Be2 Bf5 1/2-1/2

[Event "3. Solskinsturnering 1976"]
[Site "Aarhus"]
[Date "1976.07.??"]
[Round "7"]
[White "Rosenlund, Thorbjorn"]
[Black "Rukavina, Josip"]
[Result "1/2-1/2"]
[WhiteElo "2330"]
[BlackElo "2380"]
[PlyCount "46"]
[EventDate "1976.??.??"]
[EventType "tourn"]
[EventRounds "11"]
[EventCountry "DEN"]

1. Nf3 d5 2. d4 Nf6 3. c4 e6 4. Nc3 Be7 5. Bg5 h6 6. Bh4 O-O 7. e3 b6 8. cxd5
Nxd5 9. Bxe7 Qxe7 10. Nxd5 exd5 11. Rc1 Be6 12. Qa4 c5 13. dxc5 bxc5 14. Qa3
Rc8 15. Bb5 a6 16. O-O Qb7 17. Be2 Nd7 18. Rc3 Rcb8 19. Rb3 Qa7 20. Rxb8+ Rxb8
21. b3 a5 22. Ne1 c4 23. Nf3 Qc5 1/2-1/2

[Event "3. Solskinsturnering 1976"]
[Site "Aarhus"]
[Date "1976.07.??"]
[Round "8"]
[White "De Bruycker, Bernard"]
[Black "Jakobsen, Ole"]
[Result "0-1"]
[WhiteElo "2370"]
[BlackElo "2435"]
[PlyCount "114"]
[EventDate "1976.??.??"]
[EventType "tourn"]
[EventRounds "11"]
[EventCountry "DEN"]

1. d4 Nf6 2. c4 c5 3. d5 g6 4. Nc3 d6 5. e4 Bg7 6. f4 O-O 7. Bd3 Na6 8. Nge2
Nc7 9. h3 Rb8 10. Be3 a6 11. a4 Bd7 12. a5 b5 13. axb6 Rxb6 14. Qc2 Qb8 15. Nd1
Nfe8 16. Nec3 Rb3 17. O-O f5 18. e5 dxe5 19. Bxc5 Nd6 20. Re1 e4 21. Bf1 Rc8
22. Bxd6 exd6 23. Nb5 Qb6+ 24. c5 Nxb5 25. Qxb3 Qxc5+ 26. Ne3 Bh6 27. Rxa6 Bxf4
28. Ra5 Qb6 29. Ra4 Rc1 30. Re2 Qc5 31. g3 Bxg3 32. Rc4 Rxc4 33. Qxc4 Nd4 34.
Rg2 f4 35. Qxc5 dxc5 36. Ng4 Kf7 37. Bc4 Ke7 38. b3 h5 39. Ne5 Bxh3 40. Ra2 f3
41. d6+ Kxd6 42. Nf7+ Kc7 43. Ng5 Bf5 44. Ra7+ Kb8 45. Re7 Ne2+ 46. Kh1 Bh4 47.
Re8+ Ka7 48. Nxf3 exf3 49. Bxe2 fxe2 50. Rxe2 Kb6 51. Re8 Bg3 52. Kg2 h4 53.
Re7 Kb5 54. Rb7+ Ka5 55. Kf3 Be5 56. Re7 Bd4 57. Rb7 h3 0-1

[Event "3. Solskinsturnering 1976"]
[Site "Aarhus"]
[Date "1976.07.??"]
[Round "8"]
[White "Fedder, Steen"]
[Black "Rosenlund, Thorbjorn"]
[Result "1/2-1/2"]
[WhiteElo "2360"]
[BlackElo "2330"]
[PlyCount "113"]
[EventDate "1976.??.??"]
[EventType "tourn"]
[EventRounds "11"]
[EventCountry "DEN"]

1. d4 Nf6 2. c4 c5 3. d5 b5 4. cxb5 a6 5. bxa6 g6 6. Nc3 Bg7 7. e4 d6 8. Nf3
O-O 9. Be2 Bxa6 10. h3 Qa5 11. O-O Nbd7 12. Bxa6 Qxa6 13. Re1 Rfd8 14. Rb1 Nb6
15. Re2 Nfd7 16. Bg5 Re8 17. Rc1 Nc4 18. Bf4 Nde5 19. Ne1 Reb8 20. b3 Na3 21.
Be3 Qa5 22. Nb1 Nxb1 23. Rxb1 Rb7 24. Rc1 Qb5 25. f4 Nd7 26. Nd3 Ra3 27. Bf2
Rba7 28. Rcc2 Qb7 29. Ne1 Qa8 30. Qb1 Nb8 31. Nf3 Na6 32. Be1 Nc7 33. Bf2 Na6
34. Be1 Nc7 35. Kh2 Nb5 36. Rf2 Nd4 37. Nxd4 Bxd4 38. Rfe2 f5 39. Rcd2 Bc3 40.
Rd1 Bxe1 41. Rdxe1 fxe4 42. Qxe4 Qf8 43. Qe6+ Qf7 44. f5 Qxe6 45. Rxe6 gxf5 46.
Rxe7 Rxe7 47. Rxe7 Rxa2 48. Rd7 Rb2 49. Kg3 Rxb3+ 50. Kf4 Rb2 51. g3 Rf2+ 52.
Kg5 Rf3 53. Kf6 h5 54. Rxd6 Rxg3 55. Ra6 Rxh3 56. d6 Rd3 57. Kg6 1/2-1/2

[Event "3. Solskinsturnering 1976"]
[Site "Aarhus"]
[Date "1976.07.??"]
[Round "8"]
[White "Mortensen, Erling"]
[Black "Rosell, Kaj"]
[Result "1-0"]
[WhiteElo "2200"]
[BlackElo "2200"]
[PlyCount "59"]
[EventDate "1976.??.??"]
[EventType "tourn"]
[EventRounds "11"]
[EventCountry "DEN"]

1. c4 e6 2. Nc3 d5 3. d4 Nf6 4. cxd5 exd5 5. Bg5 Be7 6. e3 c6 7. Qc2 O-O 8. Bd3
Nbd7 9. Nf3 Re8 10. O-O Nf8 11. Rae1 Be6 12. a3 a5 13. Ne5 Ng4 14. Bxe7 Qxe7
15. Nxg4 Bxg4 16. e4 dxe4 17. Bxe4 Qc7 18. d5 cxd5 19. Bxd5 Bd7 20. h3 Bc6 21.
Nb5 Qd7 22. Bxc6 Qxc6 23. Qxc6 bxc6 24. Nd6 Red8 25. Rd1 Ra7 26. Nc4 Rd5 27.
Rd2 Ne6 28. Rfd1 Rc5 29. Rd8+ Nf8 30. Nb6 1-0

[Event "3. Solskinsturnering 1976"]
[Site "Aarhus"]
[Date "1976.07.??"]
[Round "8"]
[White "Nemet, Ivan"]
[Black "Rath, Ulrik"]
[Result "0-1"]
[WhiteElo "2455"]
[BlackElo "2350"]
[PlyCount "100"]
[EventDate "1976.??.??"]
[EventType "tourn"]
[EventRounds "11"]
[EventCountry "DEN"]

1. d4 Nf6 2. c4 g6 3. Nc3 d5 4. Qb3 dxc4 5. Qxc4 Bg7 6. Nf3 O-O 7. e4 Bg4 8.
Be2 Nfd7 9. Be3 Nc6 10. Rd1 Nb6 11. Qc5 Qd6 12. d5 Bxf3 13. gxf3 Ne5 14. f4
Nec4 15. e5 Qxc5 16. Bxc5 Nxb2 17. Rd4 f6 18. Re4 fxe5 19. fxe5 Rf3 20. Be3 Rf5
21. f4 g5 22. Rg1 gxf4 23. Bxf4 Kh8 24. Bc1 Rxe5 25. Rxe5 Bxe5 26. Bxb2 Nxd5
27. Nxd5 Bxb2 28. Nxc7 Bc3+ 29. Kd1 Rd8+ 30. Kc1 Rc8 31. Bc4 Bg7 32. Rd1 Rxc7
33. Rd8+ Bf8 34. Rxf8+ Kg7 35. Rf7+ Kg6 36. Kd2 Rxc4 37. Rxe7 Rh4 38. Rxb7
Rxh2+ 39. Ke3 Rxa2 40. Kf4 Ra4+ 41. Ke5 h5 42. Rb8 Kg5 43. Rg8+ Kh4 44. Rg1 Kh3
45. Rh1+ Kg2 46. Rb1 h4 47. Rb2+ Kg3 48. Kf5 Rf4+ 49. Kg5 h3 50. Ra2 Rf3 0-1

[Event "3. Solskinsturnering 1976"]
[Site "Aarhus"]
[Date "1976.07.??"]
[Round "8"]
[White "Sloth, Jorn"]
[Black "Ogaard, Leif"]
[Result "0-1"]
[WhiteElo "2380"]
[BlackElo "2490"]
[PlyCount "68"]
[EventDate "1976.??.??"]
[EventType "tourn"]
[EventRounds "11"]
[EventCountry "DEN"]

1. c4 Nf6 2. Nc3 d5 3. cxd5 Nxd5 4. g3 g6 5. Bg2 Nb6 6. d3 Bg7 7. Be3 Nc6 8.
Nf3 e5 9. Bc5 Ne7 10. O-O O-O 11. d4 exd4 12. Nxd4 c6 13. Nb3 Qxd1 14. Rfxd1
Re8 15. e4 Nc4 16. Rab1 Nxb2 17. Rxb2 Bxc3 18. Rc2 Bf6 19. Na5 Kg7 20. f4 Ng8
21. Rb1 b6 22. e5 Be7 23. Bxe7 Nxe7 24. Nxc6 Bf5 25. Nxe7 Bxc2 26. Rc1 Rad8 27.
Nd5 Bf5 28. Rc7 Rd7 29. Rc6 Red8 30. Ne3 Be6 31. a4 Rd3 32. Kf2 Rd2+ 33. Kf3
R8d3 34. Ke4 Rxe3+ 0-1

[Event "3. Solskinsturnering 1976"]
[Site "Aarhus"]
[Date "1976.07.??"]
[Round "9"]
[White "Jakobsen, Ole"]
[Black "Mortensen, Erling"]
[Result "1/2-1/2"]
[WhiteElo "2435"]
[BlackElo "2200"]
[PlyCount "68"]
[EventDate "1976.??.??"]
[EventType "tourn"]
[EventRounds "11"]
[EventCountry "DEN"]

1. Nf3 Nf6 2. c4 e6 3. g3 b6 4. Bg2 Bb7 5. O-O c5 6. Nc3 a6 7. b3 Be7 8. Bb2
O-O 9. Qc2 Nc6 10. Rfd1 Qc7 11. e3 Rac8 12. Rac1 Rfd8 13. Qb1 Qb8 14. d4 cxd4
15. exd4 d5 16. cxd5 exd5 17. Ng5 h6 18. Nh3 Bb4 19. Nf4 Ne7 20. Nd3 Bd6 21.
Re1 Rc7 22. Ne5 Bc8 23. Qd3 Qb7 24. Bf1 b5 25. Qf3 Bf5 26. Bd3 Bxd3 27. Nxd3
Rdc8 28. Nb1 Ne4 29. Rxc7 Rxc7 30. Qe2 Qc8 31. Rc1 Rxc1+ 32. Nxc1 Qf5 33. Nc3
Nxc3 34. Bxc3 Qe4 1/2-1/2

[Event "3. Solskinsturnering 1976"]
[Site "Aarhus"]
[Date "1976.07.??"]
[Round "9"]
[White "Keene, Raymond"]
[Black "Fedder, Steen"]
[Result "1-0"]
[WhiteElo "2460"]
[BlackElo "2360"]
[PlyCount "44"]
[EventDate "1976.??.??"]
[EventType "tourn"]
[EventRounds "11"]
[EventCountry "DEN"]

1. c4 Nf6 2. Nc3 e6 3. Nf3 c5 4. e3 d5 5. cxd5 exd5 6. d4 Nc6 7. Be2 cxd4 8.
Nxd4 Bd6 9. O-O O-O 10. Ncb5 Bb8 11. b3 a6 12. Nxc6 bxc6 13. Nc3 Qd6 14. g3 Re8
15. Bb2 Ba7 16. Rc1 a5 17. Bf3 Ba6 18. Re1 Nd7 19. Nxd5 cxd5 20. Bxd5 Qe7 21.
Bxa8 Rxa8 22. Rc7 Bc8 1-0

[Event "3. Solskinsturnering 1976"]
[Site "Aarhus"]
[Date "1976.07.??"]
[Round "9"]
[White "Rath, Ulrik"]
[Black "De Bruycker, Bernard"]
[Result "1-0"]
[WhiteElo "2350"]
[BlackElo "2370"]
[PlyCount "125"]
[EventDate "1976.??.??"]
[EventType "tourn"]
[EventRounds "11"]
[EventCountry "DEN"]

1. c4 c5 2. Nc3 g6 3. g3 Bg7 4. Bg2 Nc6 5. b3 b6 6. Nf3 Bb7 7. O-O Nf6 8. Bb2
O-O 9. d4 d6 10. d5 Na5 11. Qc2 e5 12. Nd2 Ne8 13. e3 f5 14. f4 a6 15. Rae1 e4
16. Nd1 b5 17. Bxg7 Nxg7 18. Nf2 Bc8 19. Kh1 Ra7 20. Rg1 b4 21. a3 Nb7 22. Ra1
Bd7 23. Ra2 Qe7 24. g4 Qh4 25. Nf1 fxg4 26. Bxe4 Bf5 27. Ng3 Qe7 28. Bxf5 gxf5
29. e4 h5 30. Nxf5 Nxf5 31. exf5 Qe3 32. Qe4 Re8 33. Qxe3 Rxe3 34. Rg3 Rxg3 35.
hxg3 bxa3 36. Rxa3 Ra8 37. Ne4 Kf7 38. Kg2 a5 39. Ra1 Kg7 40. Kf2 Re8 41. Ke3
Ra8 42. Rh1 Rh8 43. Kd3 Kf7 44. Rh2 Kg7 45. Kc3 Re8 46. Kd3 Rh8 47. Rh1 Kf7 48.
Re1 h4 49. Ng5+ Kf6 50. Re6+ Kxf5 51. Ne4 Rf8 52. Rh6 h3 53. Ke3 h2 54. Rxh2
Re8 55. Rh5+ Kg6 56. Rg5+ Kh6 57. Kd3 Rb8 58. f5 a4 59. bxa4 Na5 60. Rg6+ Kh7
61. Ng5+ Kh8 62. f6 Rf8 63. Rh6+ 1-0

[Event "3. Solskinsturnering 1976"]
[Site "Aarhus"]
[Date "1976.07.??"]
[Round "9"]
[White "Rosell, Kaj"]
[Black "Sloth, Jorn"]
[Result "1/2-1/2"]
[WhiteElo "2200"]
[BlackElo "2380"]
[PlyCount "39"]
[EventDate "1976.??.??"]
[EventType "tourn"]
[EventRounds "11"]
[EventCountry "DEN"]

1. c4 e5 2. Nc3 d6 3. Nf3 Bg4 4. e3 Nd7 5. Be2 Ngf6 6. d4 Be7 7. O-O O-O 8. e4
c6 9. Be3 Bxf3 10. Bxf3 exd4 11. Bxd4 Re8 12. Re1 Ne5 13. Be2 Ng6 14. Bf1 Nd7
15. Be3 Nc5 16. Qd2 Bf6 17. f3 Be5 18. Rac1 Qf6 19. Bg5 Bf4 20. Bxf4 1/2-1/2

[Event "3. Solskinsturnering 1976"]
[Site "Aarhus"]
[Date "1976.07.??"]
[Round "9"]
[White "Rosenlund, Thorbjorn"]
[Black "Nemet, Ivan"]
[Result "0-1"]
[WhiteElo "2330"]
[BlackElo "2455"]
[PlyCount "74"]
[EventDate "1976.??.??"]
[EventType "tourn"]
[EventRounds "11"]
[EventCountry "DEN"]

1. d4 Nf6 2. c4 g6 3. Nc3 Bg7 4. e4 d6 5. f4 c5 6. d5 O-O 7. Nf3 e6 8. dxe6
fxe6 9. Bd3 Nc6 10. O-O Nh5 11. f5 Ne5 12. Nxe5 Bxe5 13. Qg4 exf5 14. exf5 Ng7
15. Bg5 Qe8 16. Nd5 Rf7 17. Rae1 Bxf5 18. Bxf5 gxf5 19. Qh4 Qe6 20. b3 Re8 21.
a4 b6 22. Kh1 f4 23. Rxf4 Nf5 24. Qf2 Qg6 25. Bf6 Nd4 26. Bxe5 Rxe5 27. Rf1
Ref5 28. Rxf5 Nxf5 29. Qe2 Kg7 30. Nf4 Qh6 31. Qg4+ Kh8 32. Ne2 Qg7 33. Qe4 Ne7
34. Ng3 Rxf1+ 35. Nxf1 Qf7 36. Kg1 Kg7 37. Ne3 Qf6 0-1

[Event "3. Solskinsturnering 1976"]
[Site "Aarhus"]
[Date "1976.07.??"]
[Round "10"]
[White "De Bruycker, Bernard"]
[Black "Rosenlund, Thorbjorn"]
[Result "0-1"]
[WhiteElo "2370"]
[BlackElo "2330"]
[PlyCount "48"]
[EventDate "1976.??.??"]
[EventType "tourn"]
[EventRounds "11"]
[EventCountry "DEN"]

1. e4 c6 2. d4 d5 3. exd5 cxd5 4. c4 Nf6 5. Nc3 e6 6. Bg5 Be7 7. Bxf6 Bxf6 8.
cxd5 exd5 9. Bb5+ Nc6 10. Qa4 O-O 11. Nge2 Qd6 12. O-O Bd7 13. Qb3 a6 14. Bd3
Nb4 15. Bb1 Rfe8 16. a3 Nc6 17. Ba2 Bg4 18. Ng3 Be6 19. Nxd5 Bxd4 20. Ne4 Qe5
21. Rae1 Qf5 22. Nd6 Bxd5 23. Rxe8+ Rxe8 24. Qxd5 Qxf2+ 0-1

[Event "3. Solskinsturnering 1976"]
[Site "Aarhus"]
[Date "1976.07.??"]
[Round "10"]
[White "Jakobsen, Ole"]
[Black "Rath, Ulrik"]
[Result "0-1"]
[WhiteElo "2435"]
[BlackElo "2350"]
[PlyCount "138"]
[EventDate "1976.??.??"]
[EventType "tourn"]
[EventRounds "11"]
[EventCountry "DEN"]

1. c4 Nf6 2. Nc3 e5 3. Nf3 Nc6 4. e3 Bb4 5. Qc2 Bxc3 6. Qxc3 Qe7 7. Be2 O-O 8.
d3 e4 9. Nd2 d5 10. dxe4 dxe4 11. b3 Bg4 12. f3 exf3 13. gxf3 Bh5 14. Bb2 Rfe8
15. e4 Rad8 16. O-O-O Nd4 17. Rde1 c5 18. Bd1 Bg6 19. Qe3 Qc7 20. e5 Qd7 21.
Rhg1 Nc6 22. Ne4 Nxe4 23. fxe4 Nxe5 24. Bc2 Nd3+ 25. Bxd3 Qxd3 26. Qxd3 Rxd3
27. e5 Red8 28. Rd1 Kf8 29. Rxd3 Rxd3 30. Rd1 Rxd1+ 31. Kxd1 Ke7 32. Kd2 Ke6
33. a3 Bb1 34. b4 b6 35. bxc5 bxc5 36. Bc3 g5 37. Ke3 Kf5 38. Ba5 Kxe5 39. Bc7+
Ke6 40. Bb8 a6 41. Ba7 Kd6 42. Bb8+ Ke6 43. Ba7 Bc2 44. Bxc5 f5 45. Bb6 f4+ 46.
Kf2 Kf5 47. Bd8 Ba4 48. Be7 Bc6 49. Bd8 h5 50. Be7 Kg4 51. Bd8 h4 52. Be7 h3
53. Bd8 Kf5 54. Be7 g4 55. Bd6 g3+ 56. Kg1 Kg4 57. Bc7 Kf3 58. Bd6 Bd7 59. Bb8
gxh2+ 60. Kxh2 Ke3 61. Kg1 f3 62. Bg3 Ke2 63. c5 a5 64. Bh4 a4 65. Bg3 h2+ 66.
Kxh2 f2 67. Bxf2 Kxf2 68. Kh1 Bc6+ 69. Kh2 Bg2 0-1